<?xml version="1.0" encoding="UTF-8"?>
<record
    xmlns:xsi="http://www.w3.org/2001/XMLSchema-instance"
    xsi:schemaLocation="http://www.loc.gov/MARC21/slim http://www.loc.gov/standards/marcxml/schema/MARC21slim.xsd"
    xmlns="http://www.loc.gov/MARC21/slim">

  <leader>03965cgm a22007457a 4500</leader>
  <controlfield tag="001">16786321</controlfield>
  <controlfield tag="005">20200421093822.0</controlfield>
  <controlfield tag="007">vd cvaizq</controlfield>
  <controlfield tag="008">110519s2005    xxu088 e          mleng d</controlfield>
  <datafield tag="010" ind1=" " ind2=" ">
    <subfield code="a">  2011606511</subfield>
  </datafield>
  <datafield tag="017" ind1=" " ind2=" ">
    <subfield code="a">PA0001394618</subfield>
    <subfield code="b">U.S. Copyright Office</subfield>
  </datafield>
  <datafield tag="024" ind1="1" ind2=" ">
    <subfield code="a">855280001014</subfield>
  </datafield>
  <datafield tag="028" ind1="4" ind2="2">
    <subfield code="a">BM0101</subfield>
    <subfield code="b">Visual Entertainment</subfield>
  </datafield>
  <datafield tag="035" ind1=" " ind2=" ">
    <subfield code="a">(OCoLC)ocn148082059</subfield>
  </datafield>
  <datafield tag="040" ind1=" " ind2=" ">
    <subfield code="a">LQM</subfield>
    <subfield code="c">LQM</subfield>
    <subfield code="d">OCLCA</subfield>
    <subfield code="d">TEF</subfield>
    <subfield code="d">OCLCQ</subfield>
    <subfield code="d">OCLCA</subfield>
    <subfield code="d">DLC</subfield>
  </datafield>
  <datafield tag="041" ind1="0" ind2=" ">
    <subfield code="a">eng</subfield>
  </datafield>
  <datafield tag="042" ind1=" " ind2=" ">
    <subfield code="a">lccopycat</subfield>
  </datafield>
  <datafield tag="050" ind1="0" ind2="0">
    <subfield code="a">DVC 6805 (viewing copy)</subfield>
  </datafield>
  <datafield tag="082" ind1="0" ind2="4">
    <subfield code="a">791.43/72</subfield>
    <subfield code="2">22</subfield>
  </datafield>
  <datafield tag="245" ind1="0" ind2="0">
    <subfield code="a">House of 9 /</subfield>
    <subfield code="c">Bauer Martinez Studios presents a Defender Film Fund production, a co-production with Defender Nine Limited, MediaPro Pictures, Frame Werk Produktion GmbH, LMCP Films in association with Lucky 7 Productions ; a film by Steven R. Monroe ; screenplay by Philippe Vidal ; produced by Philippe Martinez, Karen A. Hamilton ; directed by Steven R. Monroe.</subfield>
  </datafield>
  <datafield tag="246" ind1="3" ind2=" ">
    <subfield code="a">House of nine</subfield>
  </datafield>
  <datafield tag="246" ind1="1" ind2=" ">
    <subfield code="i">At head of title:</subfield>
    <subfield code="a">Bauer Martinez presents</subfield>
  </datafield>
  <datafield tag="257" ind1=" " ind2=" ">
    <subfield code="a">United States.</subfield>
  </datafield>
  <datafield tag="260" ind1=" " ind2=" ">
    <subfield code="a">Universal City, CA :</subfield>
    <subfield code="b">Distributed by Visual Entertainment,</subfield>
    <subfield code="c">c2005.</subfield>
  </datafield>
  <datafield tag="300" ind1=" " ind2=" ">
    <subfield code="a">1 videodisc (88 min.) :</subfield>
    <subfield code="b">sd., col. ;</subfield>
    <subfield code="c">4 3/4 in.</subfield>
    <subfield code="3">viewing copy.</subfield>
  </datafield>
  <datafield tag="508" ind1=" " ind2=" ">
    <subfield code="a">Casting by Jeremy Zimmermann ; costume designer, Ffion Elinor ; music composed by Charles Olins, Mark Phillipps ; music producted by Guy Farley ; editor, Kristina Hamilton ; director of photography, Damian Bromley ; associate producers, Alistdair Wilson-Gough, Mohammed Ahmed ; co-producers, Alan Latham, Andrei Boncea, Stefan Jonas, Francois Cohen-S&#xE9;at ; executive producers, Douglas W. Miller, Alastair Burlingham, Sheikh Mohamed Bin Salman Al Khalifa.</subfield>
  </datafield>
  <datafield tag="511" ind1="1" ind2=" ">
    <subfield code="a">Dennis Hopper, Kelly Brook, Hippolyte Girardot, Peter Capaldi, Susie Amy, Raffaello Degruttola, Asher D, Morven Christie, Julienne Davis.</subfield>
  </datafield>
  <datafield tag="520" ind1=" " ind2=" ">
    <subfield code="a">Nine strangers are abducted and sealed in a house for someone's mere entertainment. The strangers are a priest, a dancer, a designer, an aspirant rapper, a former tennis pro, a woman on probation, an unsuccessful composer and his wife, and a detective are forced to play a grisly game. Only one will win $5 million and his or her freedom. As cameras watch, desperation and greed turn deadly. Against their will each person is forced to commit the unthinkable to survive.</subfield>
  </datafield>
  <datafield tag="521" ind1=" " ind2=" ">
    <subfield code="a">MPAA Rating: R; strong violence and language.</subfield>
  </datafield>
  <datafield tag="538" ind1=" " ind2=" ">
    <subfield code="a">DVD; NTSC; region 1; widescreen presentation; Dolby Digital 5.1 surround; single-layer.</subfield>
  </datafield>
  <datafield tag="546" ind1=" " ind2=" ">
    <subfield code="a">Closed-captioned.</subfield>
  </datafield>
  <datafield tag="650" ind1=" " ind2="0">
    <subfield code="a">Strangers</subfield>
    <subfield code="v">Drama.</subfield>
    <subfield code="9">416</subfield>
  </datafield>
  <datafield tag="650" ind1=" " ind2="0">
    <subfield code="a">Abduction</subfield>
    <subfield code="v">Drama.</subfield>
    <subfield code="9">417</subfield>
  </datafield>
  <datafield tag="650" ind1=" " ind2="0">
    <subfield code="a">Games</subfield>
    <subfield code="v">Drama.</subfield>
    <subfield code="9">418</subfield>
  </datafield>
  <datafield tag="650" ind1=" " ind2="0">
    <subfield code="a">Murder</subfield>
    <subfield code="v">Drama.</subfield>
    <subfield code="9">419</subfield>
  </datafield>
  <datafield tag="655" ind1=" " ind2="7">
    <subfield code="a">Horror films.</subfield>
    <subfield code="2">lcgft</subfield>
    <subfield code="9">420</subfield>
  </datafield>
  <datafield tag="655" ind1=" " ind2="7">
    <subfield code="a">Feature films.</subfield>
    <subfield code="2">lcgft</subfield>
  </datafield>
  <datafield tag="655" ind1=" " ind2="7">
    <subfield code="a">Fiction films.</subfield>
    <subfield code="2">lcgft</subfield>
  </datafield>
  <datafield tag="655" ind1=" " ind2="7">
    <subfield code="a">Video recordings for the hearing impaired.</subfield>
    <subfield code="2">lcgft</subfield>
  </datafield>
  <datafield tag="700" ind1="1" ind2=" ">
    <subfield code="a">Martinez, Philippe.</subfield>
    <subfield code="9">421</subfield>
  </datafield>
  <datafield tag="700" ind1="1" ind2=" ">
    <subfield code="a">Hamilton, Karen A.</subfield>
    <subfield code="9">422</subfield>
  </datafield>
  <datafield tag="700" ind1="1" ind2=" ">
    <subfield code="a">Vidal, Philippe.</subfield>
    <subfield code="9">423</subfield>
  </datafield>
  <datafield tag="700" ind1="1" ind2=" ">
    <subfield code="a">Monroe, Steven R.</subfield>
    <subfield code="9">424</subfield>
  </datafield>
  <datafield tag="700" ind1="1" ind2=" ">
    <subfield code="a">Hopper, Dennis,</subfield>
    <subfield code="d">1936-2010.</subfield>
    <subfield code="9">425</subfield>
  </datafield>
  <datafield tag="700" ind1="1" ind2=" ">
    <subfield code="a">Brook, Kelly.</subfield>
    <subfield code="9">426</subfield>
  </datafield>
  <datafield tag="700" ind1="1" ind2=" ">
    <subfield code="a">Girardot, Hippolyte,</subfield>
    <subfield code="d">1955-</subfield>
    <subfield code="9">427</subfield>
  </datafield>
  <datafield tag="700" ind1="1" ind2=" ">
    <subfield code="a">Capaldi, Peter.</subfield>
    <subfield code="9">428</subfield>
  </datafield>
  <datafield tag="700" ind1="1" ind2=" ">
    <subfield code="a">Amy, Susie,</subfield>
    <subfield code="d">1981-</subfield>
    <subfield code="9">429</subfield>
  </datafield>
  <datafield tag="700" ind1="1" ind2=" ">
    <subfield code="a">Degruttola, Raffaello.</subfield>
    <subfield code="9">430</subfield>
  </datafield>
  <datafield tag="700" ind1="0" ind2=" ">
    <subfield code="a">Walters, Ashley,</subfield>
    <subfield code="d">1982-</subfield>
    <subfield code="9">431</subfield>
  </datafield>
  <datafield tag="700" ind1="1" ind2=" ">
    <subfield code="a">Christie, Morven.</subfield>
    <subfield code="9">432</subfield>
  </datafield>
  <datafield tag="700" ind1="1" ind2=" ">
    <subfield code="a">Davis, Julienne.</subfield>
    <subfield code="9">433</subfield>
  </datafield>
  <datafield tag="710" ind1="2" ind2=" ">
    <subfield code="a">Bauer Martinez Studios (Firm)</subfield>
    <subfield code="9">434</subfield>
  </datafield>
  <datafield tag="710" ind1="2" ind2=" ">
    <subfield code="a">Defender Film Fund (Firm)</subfield>
    <subfield code="9">435</subfield>
  </datafield>
  <datafield tag="710" ind1="2" ind2=" ">
    <subfield code="a">Defender Nine Limited.</subfield>
    <subfield code="9">436</subfield>
  </datafield>
  <datafield tag="710" ind1="2" ind2=" ">
    <subfield code="a">MediaPro Pictures (Firm)</subfield>
    <subfield code="9">437</subfield>
  </datafield>
  <datafield tag="710" ind1="2" ind2=" ">
    <subfield code="a">Frame Werk Produktion GmbH.</subfield>
    <subfield code="9">438</subfield>
  </datafield>
  <datafield tag="710" ind1="2" ind2=" ">
    <subfield code="a">LMCP Films (Firm)</subfield>
    <subfield code="9">439</subfield>
  </datafield>
  <datafield tag="710" ind1="2" ind2=" ">
    <subfield code="a">Lucky 7 Productions (Firm)</subfield>
    <subfield code="9">440</subfield>
  </datafield>
  <datafield tag="710" ind1="2" ind2=" ">
    <subfield code="a">Visual Entertainment (Firm)</subfield>
    <subfield code="9">441</subfield>
  </datafield>
  <datafield tag="710" ind1="2" ind2=" ">
    <subfield code="a">Copyright Collection (Library of Congress)</subfield>
    <subfield code="5">DLC</subfield>
    <subfield code="9">197</subfield>
  </datafield>
  <datafield tag="906" ind1=" " ind2=" ">
    <subfield code="a">0</subfield>
    <subfield code="b">ibc</subfield>
    <subfield code="c">copycat</subfield>
    <subfield code="d">u</subfield>
    <subfield code="e">ncip</subfield>
    <subfield code="f">20</subfield>
    <subfield code="g">y-movingim</subfield>
  </datafield>
  <datafield tag="942" ind1=" " ind2=" ">
    <subfield code="2">ddc</subfield>
    <subfield code="c">VM</subfield>
  </datafield>
  <datafield tag="999" ind1=" " ind2=" ">
    <subfield code="c">209</subfield>
    <subfield code="d">209</subfield>
  </datafield>
  <datafield tag="952" ind1=" " ind2=" ">
    <subfield code="0">0</subfield>
    <subfield code="1">0</subfield>
    <subfield code="4">0</subfield>
    <subfield code="7">0</subfield>
    <subfield code="8">NFIC</subfield>
    <subfield code="a">FPL</subfield>
    <subfield code="b">FPL</subfield>
    <subfield code="c">AV</subfield>
    <subfield code="d">2014-09-04</subfield>
    <subfield code="p">39999000008951</subfield>
    <subfield code="r">2014-09-04 00:00:00</subfield>
    <subfield code="w">2014-09-04</subfield>
    <subfield code="y">VM</subfield>
  </datafield>
</record>
